1633 1523 1476 1336 1574 1518 1359 1024 1906 1184 1634 1971 1851 1723 1839 2000 1702 1281 1818 1643 1119 1137 1627 1002 1652 1270 1709 1669 1499 1683 1768 1810 1205 1648 1708 1416 1452 1306 1715 1611 1496 1654 1121 1763 1714 1959 1129 1952 1859 1358 1891 1394 1327 1420 1009 1410 1912 1710 1385 1653 1920 1581 1379 1383 1132 1805 1516 1364 1900 1886 1816 1415 1359 1760 1598 1844 1023 1565 1958 1641 1691 1112 1644 1049 1261 1454 1231 1805 1995 1335 1978 1108 1604 1404 1622 1651 1490 1519 1240 BCNSPRNW ULIB Ver.6.0+V

เปลี่ยนเป็นภาษาไทย

Change to English
 แสดงรายละเอียดบรรณานุกรม
  กลับหน้าหลัก

Brief Record : Get Marc (ISO 2709) : E-mail record : QR code < ปิดหน้าต่าง
LEADER : 00000nam 2200000uu 4500
001    13399123742
003     ULIB
008    141125s2554||||th 000 0 tha d
020    9746434578 (ล.1)
060 04 WY160^bม246ก
110 2  มหาวิทยาลัยสุโขทัยธรรมาธิราช. ^bสาขาวิชาพยาบาลศาสตร์
245 10 การส่งเสริมสุขภาพจิตและการพยาบาลจิตเวช หน่วยที่ 1-7=^bMental healthpromotion and psychiatric nursing /^cสาขาวิชาพยาบาลศาสตร์ มหาวิทยาลัยสุโขทัยธรรมาธิราช
250    พิมพ์ครั้งที่ 13
260    นนทบุรี :^bสำนักพิมพ์มหาวิทยาลัยสุโขทัยธรรมาธิราช,^c2554
300    423 หน้า. ;^c30 ซม.
500    "เอกสารการสอนชุดวิชา 51102 หน่วยที่ 1-7" --หน้าปกใน
650  7 การพยาบาลจิตเวชศาสตร์
650  7 การส่งเสริมสุขภาพจิต
945    ^p350^l0^i21838
945    ^p350^l0^i21839
945    ^p350^l0^i21840
945    ^p350^l0^i21841
945    ^p350^l0^i21842
995    ทศพร
999    ^aใช้งานได้ทุกระบบ
รายการนี้ยังไม่มีแท็ก
คุณยังไม่ได้ล็อกอิน คุณสามารถมีกิจกรรมร่วมกับเว็บไซต์ได้ แต่ต้องล็อกอินก่อน ::
  ล็อกอิน

รายการสื่อสารสนเทศ

ลำดับที่ ประเภท เลขเรียก/บาร์โค้ด สถานที่ สถานะ
1. Book การพยาบาล
Book การพยาบาล
สถานะ=หนังสือเก่า
WY160 ม246ก ฉ.1 
  Barcode: 21838
ห้องสมุดวิทยาเขตนครสวรรค์
►ส่วนจัดเก็บหนังสือเก่า นว.
บนชั้น
  ขอยืม
2. Book การพยาบาล
Book การพยาบาล
สถานะ=หนังสือเก่า
WY160 ม246ก ฉ.2 
  Barcode: 21839
ห้องสมุดวิทยาเขตนครสวรรค์
►ส่วนจัดเก็บหนังสือเก่า นว.
บนชั้น
  ขอยืม
3. Book การพยาบาล
Book การพยาบาล
สถานะ=หนังสือเก่า
WY160 ม246ก ฉ.3 
  Barcode: 21840
ห้องสมุดวิทยาเขตนครสวรรค์
►ส่วนจัดเก็บหนังสือเก่า นว.
บนชั้น
  ขอยืม
4. Book การพยาบาล
Book การพยาบาล
สถานะ=หนังสือเก่า
WY160 ม246ก ฉ.4 
  Barcode: 21841
ห้องสมุดวิทยาเขตนครสวรรค์
►ส่วนจัดเก็บหนังสือเก่า นว.
บนชั้น
  ขอยืม
5. Book การพยาบาล
Book การพยาบาล
สถานะ=หนังสือเก่า
WY160 ม246ก ฉ.5 
  Barcode: 21842
ห้องสมุดวิทยาเขตนครสวรรค์
►ส่วนจัดเก็บหนังสือเก่า นว.
บนชั้น
  ขอยืม

รายการใกล้เคียง
    หัวเรื่อง [การพยาบาลจิตเวชศาสตร์]
    หัวเรื่อง [การส่งเสริมสุขภาพจิต]

BibComment


ยังไม่เคยถูกคอมเมนท์

คอมเมนท์ทรัพยากรรายการนี้
  คอมเมนท์: การส่งเสริมสุขภาพ..


 Copyright 2026. Bcnsprnw @Library